1819 1354 1740 1411 1201 1980 1633 1861 1614 1398 1136 1732 1486 1482 1698 1529 1481 1027 1033 1164 1683 1156 1173 1509 1436 1818 1979 1138 1632 1955 1222 1847 1366 1923 1312 1635 1231 1311 1808 1192 1728 1815 1561 1172 1573 1523 1610 1498 1243 1376 1508 1551 1801 1144 1683 1851 1348 1117 1618 1102 1417 1985 1994 1002 1903 1792 1389 1151 1204 1798 1633 1297 1314 1891 1706 1122 1618 1149 1590 1848 1531 1904 1983 1109 1351 1073 1556 1966 1787 1802 1850 1615 1031 1077 1918 1113 1565 1367 1072 BCNSPRNW ULIB Ver.6.0+V

เปลี่ยนเป็นภาษาไทย

Change to English
 แสดงรายละเอียดบรรณานุกรม
  กลับหน้าหลัก

Brief Record : Get Marc (ISO 2709) : E-mail record : QR code < ปิดหน้าต่าง
LEADER : 00000nas 2200000uu 4500
001    13399125133
003     ULIB
008    161005s||||||||th 000 0 tha d
022 0  0855797
245 00 วารสารสุขภาพภาคประชาชนภาคอีสาน
246 0  ืnorth - eastern primary health care journal
310    ^aราย 6 เดือน
850 ^a ULIB^bปีที่ 30 ฉบับที่ 2 ฉ.1 ;ปีที่ 31 ฉบับที่ 1 ฉ.1 ;ปีที่ 31 ฉบับที่ 2 ฉ.1
856    http://www.thaiphc.net/journal/
945    ^p0^l0^i904113
945    ^p0^l0^i904723
945    ^p0^l0^i904724
999    ^aวรรณษา ชูชัยมงคล
รายการนี้ยังไม่มีแท็ก
คุณยังไม่ได้ล็อกอิน คุณสามารถมีกิจกรรมร่วมกับเว็บไซต์ได้ แต่ต้องล็อกอินก่อน ::
  ล็อกอิน

รายการสื่อสารสนเทศ (วารสาร)

ดูแบบ: กล่อง รายการ
ARRIVED
ปีที่ 30 ฉบับที่ 2 ฉ.1
สถานที่: ห้องสมุดวิทยาเขตสวรรค์ประชารักษ์ >หนังสือพิมพ์
ARRIVED
ปีที่ 31 ฉบับที่ 1 ฉ.1
สถานที่: ห้องสมุดวิทยาเขตสวรรค์ประชารักษ์ >วารสาร
ARRIVED
ปีที่ 31 ฉบับที่ 2 ฉ.1
สถานที่: ห้องสมุดวิทยาเขตสวรรค์ประชารักษ์ >วารสาร

BibComment


ยังไม่เคยถูกคอมเมนท์

คอมเมนท์ทรัพยากรรายการนี้
  คอมเมนท์: วารสารสุขภาพภาคปร..


 Copyright 2026. Bcnsprnw @Library